000 00702nam a2200205Ia 4500
005 20241129111250.0
008 241129s9999||||xx |||||||||||||| ||und||
037 _aTB
040 _aCRL
_bpun
_cCRL
041 _apun
_2pun
084 _aP:795, 153R2
_qCRL
100 _aਕੌਰ, ਜਸਪਾਲ, ਚ।
245 0 _aਅਨੁਵਾਦ ਅਤੇ ਮੌਖਿਕ ਅਨੁਵਾਦ ਕਲਾ
_cਕੌਰ, ਜਸਪਾਲ, ਚ।
260 _aਦਿੱਲੀ, ਭਾਰਤ
_bਮਨਪ੍ਰੀਤ ਪ੍ਰਕਾਸ਼ਨ
_c2022
300 _a182ਪ੍ਰ0
365 _aINR
_b580
650 _aLinguisticTranslating
_9726243
942 _cTB
_hP:795, 153R2
999 _c1229654
_d1229654